Marshall Cavendish encyclopedia of how the body works (Record no. 36545)
[ view plain ]
| 000 -LEADER | |
|---|---|
| fixed length control field | 00306nam a2200109Ia 4500 |
| 082 ## - DEWEY DECIMAL CLASSIFICATION NUMBER | |
| Classification number | 61(03) |
| Item number | BIS |
| 245 #0 - TITLE STATEMENT | |
| Title | Marshall Cavendish encyclopedia of how the body works |
| 260 ## - PUBLICATION, DISTRIBUTION, ETC. (IMPRINT) | |
| Place of publication | London |
| Name of publisher | Marshall Cavendish |
| Year of publication | 1975 |
| 700 ## - ADDED ENTRY--PERSONAL NAME | |
| Personal name | Biscre, Michael |
| 942 ## - ADDED ENTRY ELEMENTS (KOHA) | |
| Koha item type | Books |
| Withdrawn status | Lost status | Damaged status | Not for loan | Home library | Current library | Date acquired | Full call number | Accession Number | Koha item type |
|---|---|---|---|---|---|---|---|---|---|
| RRII Library | RRII Library | 16/12/2021 | 61(03) BIS | 16951 | Books |